000 01236nam a22003617a 4500
003 CHAP
005 20220329140934.0
008 971013s1996 r 00010 d
010 _a60094
011 _a61066
035 _a65230
040 _cCHAP
090 _aTesis
100 0 0 _aGarcía Rodríguez, Manuela.
_946536
245 _aAnálisis del consumo de materia seca observado en los ovinos existentes en México
260 _aChapingo, Méx. :
_bEl autor,
_c1996
300 _a81 h.
502 _aTesis (Ing. Agr. Esp. en Zootecnia) -- UACH. Departamento de Zootecnia
590 _aALEPH
_b10
_c20130110
_lUCH01
_h1339
590 _aBATCH-UPD
_b10
_c20130110
_lUCH01
_h0327
590 _aBATCH-UPD
_b10
_c20130110
_lUCH01
_h1645
590 _aBATCH-UPD
_b10
_c20130410
_lUCH01
_h0000
590 _aBATCH-UPD
_b10
_c20130914
_lUCH01
_h0927
590 _aCONVERSION
_b10
_c20130109
_lUCH01
_h1332
650 1 4 _aGanado lanar
_xAlimentación.
_945153
650 1 4 _aGanado lanar
_xMéxico.
_945198
650 1 4 _aMateria seca.
_972933
700 0 _aChávez Gaspar, Fernando.
_922712
901 _aBK
942 _cFOLL
949 _bBC
_cTES
_d-145171
_eTS1
_h29002
_i65230
_si
949 _bBC
_cTES
_d33724000166310
_eTS2
_fc.2
_h29003
_i65230
_si
999 _c60094
_d60094